000 00492nam a22001817a 4500
003 dpl
005 20180713130032.0
008 180713b xxu||||| |||| 00| 0 eng d
020 _a9788189093976
_c485
035 _aB-219251
040 _adpl
_bEN
_c0
082 _a485
100 _aJones, Neil
245 _aHow to write and speak :
_bbetter english/
_cby Neil Jones
260 _aNew Delhi
_bLotus Press
_c2006
300 _a197p;
_c22cm.
942 _2ddc
_cEN
_h485
_mJON
999 _c153981
_d153981